00832cam a2200253u 45000010008000000030006000080050017000140080041000310100017000720400019000890430012001080500018001200820018001381000062001562450028002182600040002463000035002866500028003216510042003499060045003919420012004369990015004489520115004639260353GBCCL20241126110409.0830617s1942 tnucf 000 0 eng  a 42022550  aDLCcCarPdDLC as-bl---00aBX6272.B7bA6 a266.0092bAPP1 aAppleby, Rosalee (Mills),d1895- [from old catalog]9371610aWings against the blue, a[Nashville,bBroadman press,c1942] a159 p.bplates, ports.c19 cm. 0aBaptistszBrazil.93717 0aBrazilxDescription and travel.93718 a0bcbccpremunvduencipf19gy-gencatlg 2ddccBK c1794d1794 00102ddc4070aGBCbGBCcMNMSd2017-05-25l0o266.0092 APPp009404r2025-05-01 00:00:00tc.1w2017-05-25yBK